02390cam a22002658i 45000010009000000050017000090080041000260100017000670200018000840400023001020410008001250420008001330500022001411000040001632450059002032600043002623000067003054900046003725040051004185201496004696500041019659420008020069520095020149990015021092369415220250625114650.0240515s2024 mau b 001 0 eng  a 2024017313 a9780262049443 aDLCbengerdacDLC aeng apcc00aQ325.5b.B33 2024 aBach, Francisd1974-eauthor92557810aLearning theory from first principlesc/ Francis Bach. aCambridge, MA :bThe MIT Press,c2024. a475 pagesbillustrations, tables, charts (some color).c24 cm. aAdaptive computation and machine learning aIncludes bibliographical references and index. aA comprehensive and cutting-edge introduction to the foundations and modern applications of learning theory. Research has exploded in the field of machine learning resulting in complex mathematical arguments that are hard to grasp for new comers. In this accessible textbook, Francis Bach presents the foundations and latest advances of learning theory for graduate students as well as researchers who want to acquire a basic mathematical understanding of the most widely used machine learning architectures. Taking the position that learning theory does not exist outside of algorithms that can be run in practice, this book focuses on the theoretical analysis of learning algorithms as it relates to their practical performance. Bach provides the simplest formulations that can be derived from first principles, constructing mathematically rigorous results and proofs without overwhelming students. · Provides a balanced and unified treatment of most prevalent machine learning methods · Emphasizes practical application and features only commonly used algorithmic frameworks · Covers modern topics not found in existing texts, such as overparameterized models and structured prediction · Integrates coverage of statistical theory, optimization theory, and approximation theory · Focuses on adaptivity, allowing distinctions between various learning techniques · Hands-on experiments, illustrative examples, and accompanying code link theoretical guarantees to practical behaviors. 0aMachine learningxMathematics925579 2lcc 00102lcc4070aTBSbTBSd2025-06-25l0oQ325.5 BACpB05752r2025-06-25t1w2025-06-25y1 c4792d4792